Testo della Canzone - Quelli Che Benpensano Frankie Hi-NRG - Statistics

Statistiche generali
  • Questo quiz è stato fatto 37 volte
  • Il punteggio medio è 301 su 476
Statistiche sulle risposte
Risposta % Corretto
a
100%
A
100%
o
100%
i
96%
in
96%
In
96%
Ma
96%
me
96%
se
96%
si
96%
son
96%
è
92%
E
92%
e
92%
La
92%
la
92%
noi
92%
non
92%
per
92%
siamo
92%
Sono
92%
sono
92%
con
88%
Con
88%
Come
83%
come
83%
da
83%
di
83%
intorno
79%
meglio
79%
calcolo
75%
che
75%
Che
75%
Il
75%
il
75%
li
75%
lo
75%
mai
75%
mezzo
75%
parlano
75%
sentono
75%
su
75%
dal
71%
del
71%
gli
71%
le
71%
mi
71%
casi
67%
far
67%
molti
67%
nel
67%
più
67%
poi
67%
Poi
67%
quel
67%
Quel
67%
senza
67%
tra
67%
Tra
67%
esser
63%
fine
63%
gioco
63%
vincere
63%
Han
58%
mantenerle
58%
ogni
58%
Perchè
58%
posta
58%
promesse
58%
quelli
58%
Quelli
58%
solo
58%
un
58%
altro
54%
irraggiungibili
54%
l'imperativo
54%
NAS
54%
San
54%
sera
54%
sul
54%
ultimi
54%
arroganti
50%
cielo
50%
coi
50%
col
50%
hanno
50%
Marco
50%
massima
50%
possibile
50%
potenti
50%
primi
50%
propri
50%
regola
50%
saranno
50%
sfrecciano
50%
sola
50%
Vangelo
50%
zerbini
50%
ad
46%
chiamare
46%
cosa
46%
costruiscono
46%
deboli
46%
della
46%
escalation
46%
fan
46%
Fanno
46%
fanno
46%
figli
46%
loro
46%
luna
46%
l'utile
46%
Nella
46%
nera
46%
nessun
46%
parabole
46%
pargoli
46%
pensano
46%
può
46%
simili
46%
tanti
46%
tetto
46%
vanno
46%
vicino
46%
compran
42%
fino
42%
mani
42%
Mani
42%
notte
42%
partecipare
42%
plastica
42%
pratino
42%
quella
42%
sofisticati
42%
tv
42%
alla
38%
altre
38%
Class
38%
costante
38%
Dio
38%
l'asfalto
38%
livello
38%
mignotte
38%
Niente
38%
Quando
38%
replicanti
38%
ricomprano
38%
rispetto
38%
scaltri
38%
verso
38%
zingara
38%
abitano
33%
albero
33%
automobili
33%
chissà
33%
comprano
33%
cubi
33%
distinguere
33%
faccia
33%
fuoco
33%
guardan
33%
l'elemosina
33%
logica
33%
Loom
33%
l'unica
33%
maschere
33%
mentre
33%
olio
33%
puoi
33%
resto
33%
ricino
33%
sabato
33%
scrupoli
33%
tutto
33%
vogliono
33%
banchi
29%
boss
29%
cani
29%
coda
29%
cose
29%
dietro
29%
Disneyland
29%
fosse
29%
fratelli
29%
full-optional
29%
girare
29%
giro
29%
invidiano
29%
lavano
29%
lucertole
29%
Ognun
29%
ostentano
29%
Parton
29%
perdon
29%
rossi
29%
sappia
29%
Stanno
29%
supposte
29%
vorrebbero
29%
accendono
25%
alle
25%
Altrimenti
25%
assomigliano
25%
cui
25%
dar
25%
dei
25%
delle
25%
domenica
25%
Doom
25%
Fruit
25%
gioielli
25%
manco
25%
manganelli
25%
missili
25%
nascondo
25%
of
25%
oltre
25%
scandalizzano
25%
spandono
25%
Spendono
25%
stringono
25%
Terra
25%
terra
25%
tutti
25%
blister
21%
centoventi
21%
chiese
21%
firman
21%
guardali
21%
lisce
21%
oscura
21%
petizioni
21%
poter
21%
poveri
21%
s'alcolizzano
21%
s'arrampicano
21%
sembrare
21%
spalle
21%
the
21%
timore
21%
alzano
17%
diventano
17%
d'un
17%
farciscono
17%
identici
17%
ipocrite
17%
nani
17%
Nasi
17%
raccontano
17%
sgombero
17%
s'infarinano
17%
sulla
17%
Vivon
17%
appartengono
13%
bianchi
13%
brandiscon
13%
ceti
13%
decibels
13%
s'impastano
13%
Tiratissimi
13%
Medi
8%
Nessun quiz corrispondente trovato
Distribuzione punteggi
Percentuale di utenti per punteggio
Percentile per numero di risposta
I tuoi punteggi nel tempo
Non hai fatto questo quiz